Datum a čas kvízu
34
Celkem bodů
Celkový počet nahraných bodů na tomto kvízu bez doplňovacích otázek.
5.
Pořadí na kvízu
Konečné umístění týmu na tomto kvízu.
Zaznamenané odpovědi
| # | Otázka | Odpověď | Body | Výsledky |
|---|---|---|---|---|
| 1. | Při úřadu vlády vznikne komise... | Ďáblický hřbitov | 1 | |
| 2. | V Kuvajtu byla v pondělí novin... | Byla vytvořena pomocí umělé inteligence. | 1 | |
| 3. | Agáta Prachařová povila minulý... | Rozárie | 1 | |
| 4. | Ve které zemi byl minulý týden... | ve Finsku | 1 | |
| 5. | V úterý bylo pro veřejnost odt... | Srdce do hry | 0 | |
| 6. | Pokračujeme představováním fil... | Liam Neeson | 1 | |
| 7. | Sedmý film žebříčku byl natoče... | Francis Ford Coppola, Marlon Brando, Al Pacino | 0.5 | |
| 8. | Jak se jmenuje původem český h... | Jiří Voskovec | 1 | |
| 9. | Film Nedotknutelní byl natočen... | Francie | 1 | |
| 10. | Napište název sbírky povídek s... | Hovno hoří | 1 |